[Event "6. Open Sants Hostafrancs i La Bordeta"]
[Site "Barcelona ESP"]
[Date "2004.08.28"]
[Round "1.1"]
[White "Serra Vilaro, Agustin"]
[Black "Izoria, Zviad"]
[Result "0-1"]
[WhiteElo "2032"]
[BlackElo "2593"]
[PlyCount "44"]
[EventDate "2004.08.28"]
[Source "lmi"]
[SourceDate "2004.09.11"]

1. d4 Nf6 2. c3 d5 3. Nd2 c5 4. e3 Nc6 5. Bd3 e5 6. dxe5 Nxe5 7. Bc2 Bd6 8.
Ngf3 Nxf3+ 9. gxf3 O-O 10. Nb3 Re8 11. Bd2 a5 12. Qe2 b6 13. O-O-O Ba6 14. Qe1
a4 15. Na1 a3 16. b3 d4 17. e4 d3 18. Bb1 c4 19. b4 Bb7 20. Qg1 Qc7 21. Qg5
Bxe4 22. fxe4 Nxe4 0-1

[Event "6. Open Sants Hostafrancs i La Bordeta"]
[Site "Barcelona ESP"]
[Date "2004.08.28"]
[Round "1.2"]
[White "Korneev, Oleg"]
[Black "Gurrutxaga Telleria, Jose Luis"]
[Result "1-0"]
[WhiteElo "2587"]
[BlackElo "2031"]
[PlyCount "69"]
[EventDate "2004.08.28"]
[Source "lmi"]
[SourceDate "2004.09.11"]

1. e4 c5 2. Nf3 Nc6 3. d4 cxd4 4. Nxd4 Nf6 5. Nc3 d6 6. Bg5 e6 7. Qd2 a6 8.
O-O-O Bd7 9. f3 Qa5 10. Be3 b5 11. Kb1 b4 12. Nxc6 Bxc6 13. Ne2 Be7 14. Nd4 Bd7
15. g4 h6 16. h4 d5 17. e5 Nh7 18. f4 Qc7 19. f5 Nf8 20. Bf4 Bc5 21. Bh3 Rc8
22. Nb3 Bb6 23. Rh2 a5 24. Be3 a4 25. Bxb6 Qxb6 26. Nd4 Ra8 27. Qf2 Qa6 28. g5
b3 29. cxb3 axb3 30. a3 hxg5 31. hxg5 Qc4 32. fxe6 fxe6 33. Bxe6 Rxh2 34. Qf7+
Kd8 35. Qxf8+ 1-0

[Event "6. Open Sants Hostafrancs i La Bordeta"]
[Site "Barcelona ESP"]
[Date "2004.08.28"]
[Round "1.4"]
[White "Stefansson, Hannes"]
[Black "Fontanillas Sanchez, Joan"]
[Result "1-0"]
[WhiteElo "2549"]
[BlackElo "2029"]
[PlyCount "130"]
[EventDate "2004.08.28"]
[Source "lmi"]
[SourceDate "2004.09.11"]

1. d4 e6 2. c4 f5 3. g3 Nf6 4. Bg2 d5 5. Nh3 c6 6. O-O Bd6 7. Bf4 O-O 8. Bxd6
Qxd6 9. Nd2 Ne4 10. Rc1 Nd7 11. Nf4 Nxd2 12. Qxd2 Nf6 13. Nd3 Bd7 14. b4 a6 15.
Rc2 Be8 16. Rfc1 Nd7 17. a4 dxc4 18. Nf4 Nb6 19. a5 Nd5 20. Rxc4 Nxf4 21. gxf4
Rd8 22. Qe3 Rf6 23. Rd1 Rh6 24. Rc5 Bf7 25. Qe5 Rh4 26. Qxd6 Rxd6 27. e3 Bh5
28. Rdc1 Be2 29. Re5 Kf7 30. Rc2 Bd3 31. Rc3 Be2 32. h3 Rh6 33. f3 Rf6 34. Kf2
Bb5 35. Rc1 Ke7 36. h4 Rd5 37. Rd1 Rf8 38. Kg3 Rfd8 39. Bh3 Rxe5 40. fxe5 Rf8
41. Rg1 Bd3 42. Kf4 Rf7 43. h5 Kf8 44. Rd1 Be2 45. Rd2 Bc4 46. Rc2 Bd3 47. Rc3
Be2 48. e4 fxe4+ 49. Kxe4 Ke7 50. Bg4 Bf1 51. Rc1 Be2 52. Ke3 Bb5 53. f4 Ba4
54. Rc3 Bb5 55. Bf3 g6 56. Rc1 gxh5 57. Rh1 Bc4 58. Rxh5 Bd5 59. Be2 Kd7 60.
Bd3 Kc7 61. Rxh7 Rxh7 62. Bxh7 b6 63. Bg8 bxa5 64. bxa5 Kd7 65. f5 Ke8 1-0

[Event "6. Open Sants Hostafrancs i La Bordeta"]
[Site "Barcelona ESP"]
[Date "2004.08.28"]
[Round "1.7"]
[White "Martinez Balaguer, Josep Maria"]
[Black "Hillarp Persson, Tiger"]
[Result "0-1"]
[WhiteElo "2025"]
[BlackElo "2529"]
[PlyCount "73"]
[EventDate "2004.08.28"]
[Source "lmi"]
[SourceDate "2004.09.11"]

1. c4 g6 2. Nc3 Bg7 3. Nf3 d6 4. g3 e5 5. Bg2 Nc6 6. O-O f5 7. d3 Nf6 8. Rb1 h6
9. b4 g5 10. e3 a6 11. a4 O-O 12. b5 axb5 13. axb5 Ne7 14. Bd2 Ng6 15. h3 Kh8
16. Kh2 f4 17. exf4 exf4 18. Qc2 g4 19. hxg4 Nxg4+ 20. Kg1 fxg3 21. fxg3 Bf5
22. Ne2 Ra3 23. Rb3 Rxb3 24. Qxb3 Qe8 25. Re1 Qf7 26. Rf1 Qe7 27. Re1 N6e5 28.
Nxe5 Qxe5 29. d4 Qe8 30. Bf3 Qh5 31. Bxg4 Qxg4 32. Qe3 h5 33. Kh2 h4 34. c5
hxg3+ 35. Qxg3 Qh5+ 36. Kg1 Rg8 37. Ra1 0-1

[Event "6. Open Sants Hostafrancs i La Bordeta"]
[Site "Barcelona ESP"]
[Date "2004.08.28"]
[Round "1.10"]
[White "Zhang, Pengxiang"]
[Black "Alonso Rosell, Alvar"]
[Result "1-0"]
[WhiteElo "2519"]
[BlackElo "2017"]
[PlyCount "158"]
[EventDate "2004.08.28"]
[Source "lmi"]
[SourceDate "2004.09.11"]

1. c4 e5 2. Nc3 Nc6 3. g3 g6 4. Bg2 Bg7 5. Nf3 f5 6. d3 Nf6 7. O-O O-O 8. Rb1
a5 9. a3 d6 10. b4 axb4 11. axb4 h6 12. b5 Ne7 13. e4 Be6 14. exf5 Nxf5 15. Bb2
Qd7 16. Re1 g5 17. Ne4 Nxe4 18. dxe4 Ne7 19. Nd2 Nc8 20. Re3 Nb6 21. Bf1 g4 22.
Ba3 Qf7 23. Qe2 h5 24. c5 dxc5 25. Bxc5 Rfd8 26. Rd3 Rxd3 27. Qxd3 Nd7 28. Be3
Bf6 29. Rc1 Nb6 30. Qc3 Rc8 31. Qb4 Rd8 32. Be2 Kg7 33. Qc3 Rc8 34. Qa3 Ra8 35.
Qc5 Rc8 36. Nf1 Qd7 37. Qb4 Qd8 38. Rd1 Qe7 39. Bc5 Qf7 40. Rc1 Rd8 41. Be3 Nc8
42. Qa5 Rd7 43. Nd2 Nd6 44. Qc3 Qg8 45. Bc5 Qf7 46. Bd3 Nc8 47. Be3 Nd6 48. Rf1
Qg6 49. Ra1 Qe8 50. Ra7 Qd8 51. Be2 Bf7 52. Ra4 Bg6 53. Kg2 Qe8 54. Bd3 Qd8 55.
Be2 Qe8 56. Qb4 Qe7 57. Kg1 Qd8 58. b6 c6 59. Ra1 Qe7 60. Bc5 Qe6 61. Ra7 Nf7
62. Ra8 Be7 63. Bc4 Qf6 64. Bxf7 Bxc5 65. Qxc5 Rxf7 66. Rc8 h4 67. gxh4 Qxh4
68. Qxe5+ Qf6 69. Qg3 Qd4 70. Qh4 Rf8 71. Rxf8 Kxf8 72. Qxg4 Kg7 73. Qg5 Qxb6
74. h4 Qb5 75. Qe7+ Kh6 76. Qf8+ Kh5 77. Qf6 Kh6 78. Qf8+ Kh5 79. Qf4 Qc5 1-0

[Event "6. Open Sants Hostafrancs i La Bordeta"]
[Site "Barcelona ESP"]
[Date "2004.08.29"]
[Round "2.1"]
[White "Izoria, Zviad"]
[Black "Grau Ferrer, Carles"]
[Result "1-0"]
[WhiteElo "2593"]
[BlackElo "2142"]
[PlyCount "90"]
[EventDate "2004.08.28"]
[Source "lmi"]
[SourceDate "2004.09.11"]

1. c4 Nf6 2. Nf3 Nc6 3. d4 e6 4. g3 d5 5. Bg2 Ne7 6. O-O c6 7. Nc3 Ng6 8. Qc2
Be7 9. b3 O-O 10. e4 dxe4 11. Nxe4 Nxe4 12. Qxe4 Bf6 13. h4 Re8 14. h5 Nf8 15.
h6 Ng6 16. hxg7 Kxg7 17. Bb2 Qc7 18. Rad1 b6 19. Ne5 Bb7 20. Ng4 Qe7 21. Qe3
Kh8 22. Nxf6 Qxf6 23. Rd2 Rad8 24. f4 Qe7 25. d5+ f6 26. dxc6 Rxd2 27. Qxd2 Bc8
28. Qe3 Kg7 29. Be4 e5 30. fxe5 Nxe5 31. Bg2 Qd6 32. Qf4 Rf8 33. Bxe5 Qxe5 34.
Qxe5 fxe5 35. Kh2 Rd8 36. Bd5 Kg6 37. b4 h6 38. b5 h5 39. Rf3 Bf5 40. Ra3 Re8
41. Rxa7 Kg5 42. Rg7+ Kf6 43. Rf7+ Kg5 44. c7 e4 45. Bc6 Rc8 1-0

[Event "6. Open Sants Hostafrancs i La Bordeta"]
[Site "Barcelona ESP"]
[Date "2004.08.29"]
[Round "2.2"]
[White "Catarineu Navines, Federico"]
[Black "Korneev, Oleg"]
[Result "0-1"]
[WhiteElo "2140"]
[BlackElo "2587"]
[PlyCount "52"]
[EventDate "2004.08.28"]
[Source "lmi"]
[SourceDate "2004.09.11"]

1. e4 e5 2. Nf3 Nc6 3. Nc3 Nf6 4. d4 exd4 5. Nxd4 Bb4 6. Nxc6 bxc6 7. Bd3 O-O
8. O-O d5 9. exd5 cxd5 10. Bg5 c6 11. Qf3 Be7 12. Rae1 Re8 13. Qg3 Be6 14. f4
Rb8 15. f5 Bd7 16. Bc1 c5 17. Be2 d4 18. Bh6 Bf8 19. Nd1 Ne4 20. Qg4 Qf6 21.
Bd3 Qxh6 22. Rxe4 Rxe4 23. Qxe4 Bd6 24. g3 Re8 25. Qb7 Bxg3 26. hxg3 Bc6 0-1

[Event "6. Open Sants Hostafrancs i La Bordeta"]
[Site "Barcelona ESP"]
[Date "2004.08.29"]
[Round "2.3"]
[White "Stocek, Jiri"]
[Black "Berg, Victor"]
[Result "1-0"]
[WhiteElo "2557"]
[BlackElo "2138"]
[PlyCount "43"]
[EventDate "2004.08.28"]
[Source "lmi"]
[SourceDate "2004.09.11"]

1. Nf3 Nf6 2. g3 g6 3. b3 Bg7 4. Bb2 O-O 5. Bg2 d5 6. c4 dxc4 7. bxc4 c5 8. O-O
Nc6 9. d3 Rb8 10. Ne5 Nd4 11. e3 Qb6 12. Qd2 Bh6 13. Nc3 Rd8 14. Rab1 Qa6 15.
f4 Ne6 16. Nd5 Nxd5 17. Bxd5 f5 18. Nf3 Kf8 19. Be5 Ra8 20. Rb3 Re8 21. Qb2 Nd8
22. Ra3 1-0

[Event "6. Open Sants Hostafrancs i La Bordeta"]
[Site "Barcelona ESP"]
[Date "2004.08.29"]
[Round "2.5"]
[White "Moskalenko, Viktor"]
[Black "Fernandez Manrique, Agustin"]
[Result "1-0"]
[WhiteElo "2544"]
[BlackElo "2136"]
[PlyCount "47"]
[EventDate "2004.08.28"]
[Source "lmi"]
[SourceDate "2004.09.11"]

1. d4 g6 2. c4 Bg7 3. Nc3 d6 4. e4 Nd7 5. f4 e5 6. fxe5 dxe5 7. d5 Nh6 8. Nf3
f6 9. Bd3 O-O 10. O-O Nf7 11. Be3 b6 12. b4 Kh8 13. c5 bxc5 14. bxc5 Qe7 15.
Qa4 f5 16. Qc6 f4 17. Bf2 Nf6 18. Qxa8 Ba6 19. Qxa7 Bxd3 20. Rfe1 Ng4 21. Rad1
Nxf2 22. Kxf2 Bc4 23. d6 Qd7 24. dxc7 1-0

[Event "6. Open Sants Hostafrancs i La Bordeta"]
[Site "Barcelona ESP"]
[Date "2004.08.29"]
[Round "2.6"]
[White "Castañer Harster, Xavier"]
[Black "Peralta, Fernando"]
[Result "0-1"]
[WhiteElo "2134"]
[BlackElo "2541"]
[PlyCount "60"]
[EventDate "2004.08.28"]
[Source "lmi"]
[SourceDate "2004.09.11"]

1. e4 c6 2. d4 d5 3. Nc3 dxe4 4. Nxe4 Bf5 5. Ng3 Bg6 6. h4 h6 7. Nf3 Nd7 8. h5
Bh7 9. Bd3 Bxd3 10. Qxd3 e6 11. Bf4 Ngf6 12. O-O-O Qa5 13. Kb1 Be7 14. Ne5 O-O
15. f3 Rad8 16. Ne4 c5 17. g4 cxd4 18. Qxd4 Nb6 19. Qc3 Qa6 20. Nxf6+ Bxf6 21.
Rxd8 Rxd8 22. Qc7 Rf8 23. Bg3 Qe2 24. Qc3 Rc8 25. Qe1 Qxc2+ 26. Ka1 Nc4 27.
Nxc4 Rxc4 28. Qb1 Qg2 29. Bf4 Rc8 30. Re1 Rf8 0-1

[Event "6. Open Sants Hostafrancs i La Bordeta"]
[Site "Barcelona ESP"]
[Date "2004.08.29"]
[Round "2.7"]
[White "Hillarp Persson, Tiger"]
[Black "Pellus Ruiz, Josep"]
[Result "1-0"]
[WhiteElo "2529"]
[BlackElo "2131"]
[PlyCount "55"]
[EventDate "2004.08.28"]
[Source "lmi"]
[SourceDate "2004.09.11"]

1. d4 Nf6 2. c4 c5 3. d5 d6 4. Nc3 g6 5. e4 Bg7 6. Be2 O-O 7. g4 Nbd7 8. g5 Ne8
9. h4 Nc7 10. a4 e6 11. h5 exd5 12. cxd5 Re8 13. hxg6 hxg6 14. Kf1 Rb8 15. Qd3
a6 16. Qh3 b5 17. Qh7+ Kf8 18. Nf3 b4 19. Bf4 Ne5 20. Nxe5 dxe5 21. Be3 Qd6 22.
Nb1 a5 23. Nd2 Ba6 24. Rc1 Bxe2+ 25. Kxe2 Na6 26. Rh4 Rbc8 27. Nc4 Qd8 28. Rch1
1-0

[Event "6. Open Sants Hostafrancs i La Bordeta"]
[Site "Barcelona ESP"]
[Date "2004.08.29"]
[Round "2.8"]
[White "Trepat Herranz, Joan"]
[Black "Li, Shilong"]
[Result "0-1"]
[WhiteElo "2130"]
[BlackElo "2526"]
[PlyCount "90"]
[EventDate "2004.08.28"]
[Source "lmi"]
[SourceDate "2004.09.11"]

1. e4 c5 2. Nf3 e6 3. d4 cxd4 4. Nxd4 a6 5. c4 Nf6 6. Nc3 Qc7 7. a3 b6 8. Be3
Bb7 9. f3 Be7 10. Be2 O-O 11. O-O Bd6 12. Kh1 Bxh2 13. f4 Bg3 14. e5 Ne8 15.
Bd3 Qd8 16. Qg4 Qh4+ 17. Qxh4 Bxh4 18. Na4 Bd8 19. Ne2 b5 20. cxb5 axb5 21.
Bxb5 Nc7 22. Nac3 Nxb5 23. Nxb5 Ba6 24. Nec3 f6 25. Bc5 Rf7 26. Bd6 Nc6 27.
Rad1 Bb6 28. a4 fxe5 29. fxe5 Rxf1+ 30. Rxf1 Nd4 31. Rf4 Nf5 32. Nc7 Bxc7 33.
Bxc7 Rc8 34. Bd6 Rc6 35. Ba3 g5 36. Rg4 h6 37. Ne4 Ne3 38. Nf6+ Kf7 39. Re4
Rc1+ 40. Kh2 Nf1+ 41. Kh3 Kg6 42. Nxd7 Bd3 43. Rd4 Bf5+ 44. g4 Rc2 45. gxf5+
Kxf5 0-1

[Event "6. Open Sants Hostafrancs i La Bordeta"]
[Site "Barcelona ESP"]
[Date "2004.08.29"]
[Round "3.1"]
[White "Haag, Martin"]
[Black "Izoria, Zviad"]
[Result "0-1"]
[WhiteElo "2287"]
[BlackElo "2593"]
[PlyCount "58"]
[EventDate "2004.08.28"]
[Source "lmi"]
[SourceDate "2004.09.11"]

1. c4 e5 2. Nc3 Bb4 3. g3 Bxc3 4. dxc3 Nc6 5. Bg2 Nge7 6. Nf3 d6 7. O-O Be6 8.
b3 h6 9. Ne1 Qd7 10. e4 Bh3 11. Nc2 O-O 12. Ne3 Bxg2 13. Kxg2 f5 14. exf5 Nxf5
15. Nd5 Rf7 16. Qe2 Raf8 17. Qe4 Nd8 18. Bd2 Ne6 19. f3 a5 20. Qg4 Nc5 21. Qh5
c6 22. Ne3 d5 23. cxd5 cxd5 24. Ng4 Nd3 25. Qg6 Kh8 26. Rad1 e4 27. fxe4 dxe4
28. Bf4 Nxf4+ 29. gxf4 Nh4+ 0-1

[Event "6. Open Sants Hostafrancs i La Bordeta"]
[Site "Barcelona ESP"]
[Date "2004.08.29"]
[Round "3.2"]
[White "Korneev, Oleg"]
[Black "Leminski, Hajo"]
[Result "1-0"]
[WhiteElo "2587"]
[BlackElo "2281"]
[PlyCount "67"]
[EventDate "2004.08.28"]
[Source "lmi"]
[SourceDate "2004.09.11"]

1. e4 c5 2. Nf3 Nc6 3. d4 cxd4 4. Nxd4 Nf6 5. Nc3 d6 6. Bg5 e6 7. Qd2 a6 8.
O-O-O Bd7 9. f3 h6 10. Be3 Qc7 11. Kb1 b5 12. Bd3 Be7 13. g4 b4 14. Nce2 d5 15.
Nxc6 Bxc6 16. e5 Nd7 17. Bd4 Nxe5 18. Qe3 Nxd3 19. cxd3 Rg8 20. Nf4 Kd7 21. Nh5
f6 22. Rhe1 e5 23. f4 Bd6 24. Bb6 Qb7 25. g5 hxg5 26. fxe5 fxe5 27. Qh3+ Ke7
28. Be3 Qd7 29. Bxg5+ Ke8 30. Nxg7+ Rxg7 31. Qh8+ Bf8 32. Rxe5+ Re7 33. Rf1 Qc7
34. Ree1 1-0

[Event "6. Open Sants Hostafrancs i La Bordeta"]
[Site "Barcelona ESP"]
[Date "2004.08.29"]
[Round "3.3"]
[White "Koster, Willem S"]
[Black "Stocek, Jiri"]
[Result "0-1"]
[WhiteElo "2258"]
[BlackElo "2557"]
[PlyCount "86"]
[EventDate "2004.08.28"]
[Source "lmi"]
[SourceDate "2004.09.11"]

1. e4 c5 2. c3 Nf6 3. e5 Nd5 4. g3 d6 5. exd6 e6 6. Bg2 Bxd6 7. Nf3 Nc6 8. O-O
O-O 9. d3 b6 10. Nbd2 Bb7 11. Nc4 Bc7 12. Qe2 Qd7 13. a4 h6 14. Rd1 Rad8 15.
Nh4 e5 16. Ne3 Nde7 17. g4 Qe6 18. Be4 Na5 19. Bxb7 Nxb7 20. Nef5 Nxf5 21. Nxf5
Nd6 22. Ng3 c4 23. d4 Ne8 24. Be3 Nf6 25. dxe5 Nxg4 26. f4 f6 27. Rxd8 Rxd8 28.
Re1 Nxe3 29. Qxe3 fxe5 30. f5 Qc6 31. Ne4 Rd3 32. Qe2 Bd8 33. b3 Be7 34. bxc4
Rxc3 35. f6 Bc5+ 36. Kg2 Qb7 37. Qg4 Rxc4 38. Kh3 Rxa4 39. Nxc5 bxc5 40. Qe6+
Kh7 41. Re3 Qb1 42. Rf3 Qg6 43. Qd7 Qh5+ 0-1

[Event "6. Open Sants Hostafrancs i La Bordeta"]
[Site "Barcelona ESP"]
[Date "2004.08.29"]
[Round "3.5"]
[White "Llobet Macia, Josep"]
[Black "Moskalenko, Viktor"]
[Result "0-1"]
[WhiteElo "2029"]
[BlackElo "2544"]
[PlyCount "72"]
[EventDate "2004.08.28"]
[Source "lmi"]
[SourceDate "2004.09.11"]

1. e4 e6 2. Qe2 c6 3. g3 d5 4. d3 dxe4 5. dxe4 b6 6. Bf4 Nf6 7. Bg2 Ba6 8. Qd2
Nbd7 9. Nc3 e5 10. Be3 Ng4 11. Bh3 Nxe3 12. Qxe3 Bc5 13. Qf3 Nf6 14. Rd1 Qe7
15. Nge2 h5 16. Nc1 h4 17. Nb3 Bd6 18. Rd2 Rd8 19. Qe3 Nh7 20. Bf1 Bc8 21. Rg1
hxg3 22. hxg3 Qg5 23. Qe2 Nf6 24. Qc4 Bb7 25. Qa4 a5 26. Nd5 Nd7 27. Ne3 Nc5
28. Nxc5 Bxc5 29. Rxd8+ Kxd8 30. Nd1 Qc1 31. Be2 Ke7 32. Rf1 Rd8 33. Bd3 Bb4+
34. Ke2 b5 35. Qb3 Qd2+ 36. Kf3 a4 0-1

[Event "6. Open Sants Hostafrancs i La Bordeta"]
[Site "Barcelona ESP"]
[Date "2004.08.29"]
[Round "3.6"]
[White "Peralta, Fernando"]
[Black "Szmetan, Ricardo"]
[Result "1-0"]
[WhiteElo "2541"]
[BlackElo "2250"]
[PlyCount "61"]
[EventDate "2004.08.28"]
[Source "lmi"]
[SourceDate "2004.09.11"]

1. d4 c5 2. d5 e5 3. e4 d6 4. Nf3 Bg4 5. h3 Bxf3 6. Qxf3 a6 7. a4 Be7 8. Bd3
Bg5 9. Nd2 Bxd2+ 10. Bxd2 Ne7 11. O-O Nd7 12. Qe2 Qc7 13. a5 Rc8 14. c4 h5 15.
h4 f6 16. g3 g6 17. Kh2 Kf7 18. f4 Rcf8 19. Bc2 Kg7 20. Ba4 Rf7 21. Rf2 Nf8 22.
Be8 Nh7 23. Bxf7 Kxf7 24. Raf1 exf4 25. Rxf4 Kg7 26. Bc3 Ng8 27. Kg2 Qe7 28. g4
g5 29. Rf5 gxh4 30. g5 h3+ 31. Kh2 1-0

[Event "6. Open Sants Hostafrancs i La Bordeta"]
[Site "Barcelona ESP"]
[Date "2004.08.29"]
[Round "3.11"]
[White "Vila Gazquez, Javier"]
[Black "Gonzalez, Yuri"]
[Result "1-0"]
[WhiteElo "2232"]
[BlackElo "2487"]
[PlyCount "93"]
[EventDate "2004.08.28"]
[Source "lmi"]
[SourceDate "2004.09.11"]

1. e4 c6 2. Ne2 d5 3. e5 Bf5 4. Ng3 Bg6 5. h4 h5 6. Be2 e6 7. d4 c5 8. dxc5 Nc6
9. c3 Bxc5 10. b4 Be7 11. Bf4 Bxh4 12. b5 Bxg3 13. Bxg3 Nce7 14. Qa4 Qd7 15.
Nd2 Nh6 16. Bf4 b6 17. Qb4 Qc7 18. Nb3 Rh7 19. a4 Nhf5 20. a5 Rc8 21. Rh3 Kf8
22. Kf1 Kg8 23. Kg1 Rh8 24. a6 h4 25. Rc1 Bh7 26. Bd3 Ng6 27. Bxf5 exf5 28. Rd1
Qc4 29. Rd4 Qxb4 30. Rxb4 Rc4 31. Be3 Kf8 32. Rxc4 dxc4 33. Nd2 Nxe5 34. Rxh4
f6 35. Bxb6 axb6 36. Rxh7 Rg8 37. f4 Nd7 38. Nxc4 Ke7 39. a7 Kf7 40. Nd6+ Ke6
41. Rxg7 Ra8 42. Nxf5 Rxa7 43. g4 Kd5 44. Kf2 Ra2+ 45. Kf3 Nc5 46. Ne3+ Ke6 47.
f5+ 1-0

[Event "6. Open Sants Hostafrancs i La Bordeta"]
[Site "Barcelona ESP"]
[Date "2004.08.29"]
[Round "3.13"]
[White "Narciso Dublan, Marc"]
[Black "Ridameya Tatche, Jose"]
[Result "1-0"]
[WhiteElo "2484"]
[BlackElo "2169"]
[PlyCount "62"]
[EventDate "2004.08.28"]
[Source "lmi"]
[SourceDate "2004.09.11"]

1. d4 Nf6 2. Nf3 d5 3. c4 c6 4. e3 e6 5. Nbd2 Nbd7 6. Bd3 Bd6 7. O-O O-O 8. e4
dxe4 9. Nxe4 Nxe4 10. Bxe4 Nf6 11. Bc2 h6 12. Qd3 Qc7 13. Re1 Rd8 14. Qe2 b6
15. Bd2 Bb7 16. Bc3 Qe7 17. a3 Re8 18. Rad1 Rad8 19. Ne5 Bxe5 20. dxe5 Nh7 21.
Qg4 Qg5 22. Qxg5 hxg5 23. Be4 Nf8 24. a4 Rb8 25. Rd6 c5 26. Bc2 Rbc8 27. Red1
Rc6 28. a5 bxa5 29. Ba4 Rxd6 30. exd6 Rb8 31. d7 Ra8 1-0

[Event "6. Open Sants Hostafrancs i La Bordeta"]
[Site "Barcelona ESP"]
[Date "2004.08.30"]
[Round "4.1"]
[White "Izoria, Zviad"]
[Black "Handke, Florian"]
[Result "1/2-1/2"]
[WhiteElo "2593"]
[BlackElo "2461"]
[PlyCount "50"]
[EventDate "2004.08.28"]
[Source "lmi"]
[SourceDate "2004.09.11"]

1. c4 Nf6 2. Nf3 c6 3. Nc3 d5 4. d4 dxc4 5. a4 Bf5 6. e3 e6 7. Bxc4 Bb4 8. O-O
Nbd7 9. Qe2 O-O 10. e4 Bg6 11. Bd3 c5 12. e5 cxd4 13. exf6 dxc3 14. fxg7 Kxg7
15. Rd1 Qc7 16. Bxg6 hxg6 17. Qb5 Bd6 18. bxc3 Ne5 19. Nxe5 Bxe5 20. g3 Rfd8
21. Be3 a6 22. Qb6 Qxc3 23. Qxb7 Qc2 24. Rdc1 Qd3 25. Rd1 Qc3 1/2-1/2

[Event "6. Open Sants Hostafrancs i La Bordeta"]
[Site "Barcelona ESP"]
[Date "2004.08.30"]
[Round "4.3"]
[White "Stocek, Jiri"]
[Black "Munoz Pantoja, Miguel"]
[Result "0-1"]
[WhiteElo "2557"]
[BlackElo "2421"]
[PlyCount "146"]
[EventDate "2004.08.28"]
[Source "lmi"]
[SourceDate "2004.09.11"]

1. d4 Nf6 2. c4 c5 3. d5 g6 4. Nc3 d6 5. e4 Bg7 6. h3 a6 7. a4 e5 8. Be3 Nbd7
9. g4 h6 10. Bd3 Nf8 11. f3 h5 12. g5 N6h7 13. Qd2 Nd7 14. Rh2 O-O 15. Kd1 Re8
16. Kc2 Rb8 17. Nge2 Nb6 18. Nc1 Nf8 19. Bf1 Nfd7 20. b3 Na8 21. h4 Nc7 22. a5
b5 23. axb6 Na8 24. Bh3 Ndxb6 25. Bxc8 Qxc8 26. Nd3 Nd7 27. Ra3 Nc7 28. Qe1 Rb7
29. Nd1 Qd8 30. Qg3 Qe7 31. Bd2 Reb8 32. Rh1 Bh8 33. N1f2 Bg7 34. Rg1 Bh8 35.
Ba5 Na8 36. Nd1 Bg7 37. Ne3 Qe8 38. Nf1 Bh8 39. Nd2 Bg7 40. Bc3 Nc7 41. Raa1
Qe7 42. Qh2 Ra7 43. Ra5 Rab7 44. Qf2 Ra8 45. Ra3 Rab8 46. Raa1 Ra8 47. Qe1 Rab8
48. Rg2 Ra8 49. Qc1 Rba7 50. Qb2 Ne8 51. Ra5 Kh7 52. b4 cxb4 53. Nxb4 Nb8 54.
Nd3 Nd7 55. Qa3 f6 56. c5 dxc5 57. Nxc5 Nxc5 58. Qxc5 Nd6 59. Kd3 Rc8 60. Qa3
Nb5 61. gxf6 Qd7 62. fxg7 Nxa3 63. Rxa3 Qb5+ 64. Kc2 Rac7 65. g8=Q+ Rxg8 66.
Rb3 Qa4 67. Kb2 Rgc8 68. Nb1 Rc5 69. Bxe5 Rb5 70. Nd2 Rcc5 71. Re2 Qa5 72. Bd4
Rc7 73. Rf2 Qa4 0-1

[Event "6. Open Sants Hostafrancs i La Bordeta"]
[Site "Barcelona ESP"]
[Date "2004.08.30"]
[Round "4.5"]
[White "Moskalenko, Viktor"]
[Black "Konguvel, Ponnuswamy"]
[Result "0-1"]
[WhiteElo "2544"]
[BlackElo "2398"]
[PlyCount "60"]
[EventDate "2004.08.28"]
[Source "lmi"]
[SourceDate "2004.09.11"]

1. d4 Nf6 2. c4 g6 3. Nc3 d5 4. cxd5 Nxd5 5. Bd2 Bg7 6. e4 Nb6 7. Be3 O-O 8. f4
Nc6 9. d5 Na5 10. Bd4 e5 11. Bxe5 Bxe5 12. fxe5 Qh4+ 13. g3 Qe7 14. Qd4 Rd8 15.
b4 Nac4 16. Nf3 Bg4 17. Bxc4 Bxf3 18. O-O Qxb4 19. Rxf3 Qxc4 20. Qe3 Nd7 21.
Qf4 Rf8 22. Rb1 Rae8 23. Nb5 a6 24. Rc3 Qxa2 25. Na3 Nxe5 26. Rxb7 Qe2 27. Rb1
Nd3 28. Qh6 Qf2+ 29. Kh1 Rxe4 30. Rc2 Qf3+ 0-1

[Event "6. Open Sants Hostafrancs i La Bordeta"]
[Site "Barcelona ESP"]
[Date "2004.08.30"]
[Round "4.6"]
[White "Barrientos Chavarriaga, Sergio"]
[Black "Peralta, Fernando"]
[Result "1-0"]
[WhiteElo "2399"]
[BlackElo "2541"]
[PlyCount "51"]
[EventDate "2004.08.28"]
[Source "lmi"]
[SourceDate "2004.09.11"]

1. e4 c6 2. d4 d5 3. Nc3 dxe4 4. Nxe4 Bf5 5. Ng3 Bg6 6. Bc4 e6 7. N1e2 Bd6 8.
O-O Qc7 9. f4 Ne7 10. Bd3 c5 11. Nc3 cxd4 12. Nb5 Qb6 13. Qf3 Bxd3 14. Qxd3 a6
15. Nxd6+ Qxd6 16. f5 exf5 17. Bf4 Qd8 18. Rae1 O-O 19. Rxe7 Qxe7 20. Nxf5 Qe6
21. Bh6 Nc6 22. Bxg7 Rfe8 23. Bxd4 Qg6 24. Rf3 Re1+ 25. Kf2 Ne5 26. Bxe5 1-0

[Event "6. Open Sants Hostafrancs i La Bordeta"]
[Site "Barcelona ESP"]
[Date "2004.08.30"]
[Round "4.12"]
[White "Narciso Dublan, Marc"]
[Black "Vila Gazquez, Javier"]
[Result "1-0"]
[WhiteElo "2484"]
[BlackElo "2232"]
[PlyCount "43"]
[EventDate "2004.08.28"]
[Source "lmi"]
[SourceDate "2004.09.11"]

1. Nc3 c5 2. Nf3 Nc6 3. d4 cxd4 4. Nxd4 g6 5. e4 Bg7 6. Be3 Nf6 7. Nxc6 bxc6 8.
e5 Ng8 9. Bd4 f6 10. f4 Qa5 11. Qd2 fxe5 12. fxe5 c5 13. Be3 Bxe5 14. Bc4 Nf6
15. O-O Bb7 16. Bf4 Bd4+ 17. Kh1 Qb4 18. Qe2 a6 19. Rae1 e6 20. Nd1 Qb6 21. c3
d5 22. cxd4 1-0

[Event "6. Open Sants Hostafrancs i La Bordeta"]
[Site "Barcelona ESP"]
[Date "2004.08.31"]
[Round "5.1"]
[White "Panelo Munoz, Marcelo"]
[Black "Hillarp Persson, Tiger"]
[Result "0-1"]
[WhiteElo "2410"]
[BlackElo "2529"]
[PlyCount "66"]
[EventDate "2004.08.28"]
[Source "lmi"]
[SourceDate "2004.09.11"]

1. d4 Nf6 2. c4 g6 3. Nc3 Bg7 4. e4 d6 5. f4 c5 6. d5 O-O 7. Nf3 e6 8. Be2 exd5
9. cxd5 Bg4 10. O-O Nbd7 11. Re1 Ne8 12. Ng5 Bxe2 13. Rxe2 a6 14. a4 Nc7 15.
Qd3 h6 16. Nf3 b5 17. e5 c4 18. Qc2 Nc5 19. f5 dxe5 20. Nxe5 Nxd5 21. fxg6 Nb4
22. gxf7+ Rxf7 23. Qg6 Qd4+ 24. Re3 Rf6 25. Qg4 Raf8 26. h3 Qxg4 27. Nxg4 Rf1+
28. Kh2 h5 29. Ne4 Nxe4 30. Rxe4 hxg4 31. Rxg4 Kf7 32. axb5 Be5+ 33. g3 Ke8 0-1

[Event "6. Open Sants Hostafrancs i La Bordeta"]
[Site "Barcelona ESP"]
[Date "2004.08.31"]
[Round "5.2"]
[White "Oratovsky, Michael"]
[Black "Barrientos Chavarriaga, Sergio"]
[Result "0-1"]
[WhiteElo "2525"]
[BlackElo "2399"]
[PlyCount "108"]
[EventDate "2004.08.28"]
[Source "lmi"]
[SourceDate "2004.09.11"]

1. e4 c5 2. Nf3 Nc6 3. Bb5 g6 4. Bxc6 dxc6 5. d3 Bg7 6. h3 Nf6 7. Nc3 Nd7 8.
Be3 e5 9. Nd2 Qe7 10. Nc4 Nf8 11. f4 Ne6 12. fxe5 O-O 13. O-O b5 14. Nd2 Nd4
15. Nf3 Nxf3+ 16. Qxf3 Bxe5 17. Qf2 Bd6 18. Bh6 Qe5 19. Bf4 Qxf4 20. Qxf4 Bxf4
21. Rxf4 f6 22. b3 Be6 23. a4 b4 24. Nb1 Rad8 25. Nd2 Kg7 26. Raf1 h5 27. Re1
Rde8 28. Rf2 Bg8 29. Rfe2 Re7 30. Nf3 Rfe8 31. Kf2 Be6 32. Re3 a5 33. Rg1 Bd7
34. g4 hxg4 35. hxg4 c4 36. Nd2 cxb3 37. cxb3 Rh8 38. Reg3 Re5 39. d4 Ree8 40.
Ke3 Rh2 41. Rc1 Reh8 42. d5 Rh1 43. Rxh1 Rxh1 44. Nc4 cxd5 45. exd5 Rd1 46. Ke4
Bxg4 47. Ne3 f5+ 48. Kf4 Kf6 49. Nxd1 g5+ 50. Ke3 f4+ 51. Ke4 fxg3 52. Ne3 Bd1
53. d6 Ke6 54. d7 Kxd7 0-1